Vista normal
Vista MARC
Entrada Nombre Personal
Número de registros utilizados en: 1
001 - NUMERO DE CONTROL
- control field: 27270
003 - IDENTIFICADOR DEL NÚMERO DE CONTROL
- control field: AR-RoUNA
005 - FECHA Y HORA DE LA ÚLTIMA TRANSACCIÓN
- control field: 20250624113551.0
008 - ELEMENTOS DE DATOS DE LONGITUD FIJA
- fixed length control field: 250624|| aca||aabn | a|a d
010 ## - NÚMERO DE CONTROL DE LA BIBLIOTECA DEL CONGRESO
- LC control number: no2005107998
040 ## - FUENTE DE CATALOGACIÓN
- Original cataloging agency: AR-RoUNA
100 ## - ENCABEZADO--NOMBRE PERSONAL
- Nombre personal: Wöhler, Till,
- Fechas asociadas con un nombre: 1968-
670 ## - FUENTE EN LA QUE SE LOCALIZARON DATOS
- Cita fuente: Neue Architektur, c2004: |b t.p. (Till Wöhler) front cover flap (M. Sc. Dipl.-Ing.; b. 1968; architect and journalist)